00853cam a2200265 45000010008000000030006000080050017000140080041000310100017000720200015000890400018001040500018001220820013001401000026001532450057001792600045002363000019002813500010003005040041003106500054003519060045004059420012004509990015004629520110004774550543GBCCL20241126110423.0720911s1972 pau b 000 0 eng  a 72000652  a0551004592 aDLCcDLCdDLC00aBR115.O3bP3500a209bPAL1 aPalms, Roger C.9455614aThe occult :c[by] Roger C. Palms.bA christian view aValley Forge [Pa.]bJudson Pressc[1972] a125 p.c22 cm. a$2.50 aIncludes bibliographical references. 0aOccultismxReligious aspectsxChristianity.92809 a7bcbccorignewd1eocipf19gy-gencatlg 2ddccBK c2221d2221 00102ddc4070aGBCbGBCcP&RLd2017-07-17l0o209 PALp001947r2025-05-01 00:00:00tc.1w2017-07-17yBK